000 00395nam a2200133Ia 4500
005 20260328101527.0
008 260328s9999||||xx |||||||||||||| ||und||
100 _aBrownell, Blaine
245 0 _aMaterials stretegies :
_b Innovative applications in Architectu /
_cBlaine Brownell
260 _bPrinceton Architectural Press
300 _a159 p.
650 _aMATERIALES CONSTRUCTIVOS
942 _cBK
999 _c9829
_d9829